000 01067cam a2200217 4500
001 ABS61787
008 000000n2000 000 0 eng u
035 _a(Sirsi) u103798
100 _aBrewer, G.
245 _aResolving disputes
260 _c2000
490 _aContract Journal
_v401(6529) 12 January 2000, 18(1)
520 _aDiscusses the case of "Dredging and Construction Company v Delta Civil Engineering" which examined the operation of Clause 18(8) of the CECA blue form of subcontract. The clause provides that relevant disputes under the subcontract be dealt jointly with disputes under the main contract - these provisions are no longer subject to whether an subcontract arbitrator has been appointed.
590 _aABS
650 _aDISPUTE RESOLUTION
_96236
650 _aCECA FORM OF SUBCONTRACT
650 _aDREDGING AND CONSTRUCTION COMPANY V DELTA CIVIL ENGINEERING
650 _aMANAGEMENT-DISPUTE AVOIDANCE, MANAGEMENT AND RESOLUTION-DISPUTE MANAGEMENT AND RESOLUTION-ARBITRATION
690 _aDispute resolution
_96236
942 _n0
999 _c62330
_d62330